00462nam a2200193Ia 4500008004100000020001400041050001400055100002100069245002000090245000600110245005100116260001500167260001600182260000900198300001600207300002700223300001000250500000800260170918s9999 xx 000 0 und d a439239222 bC623 1951 aClearly, Beverly aEllen Tebbits / b7 cBeverly Cleary ; illustrated by Louis Darling. aNew York : bScholastic, c1951 a160 pages : bcolored illustration ; c19cm. a740